LEADER 01252cam0 2200289 450 001 E600200026078 005 20230321135237.0 100 $a20070323d1930 |||||ita|0103 ba 101 $aita 102 $aIT 200 1 $a<>mondo come volontà e rappresentazione.Vol.I. Vol.II (contenente i supplementi ai quattro libri del primo volume)$f Arthur Schopenhauer 210 $aBari$cLaterza$d1930 215 $a2 v.$d22 cm 225 2 $aClassici della filosofia moderna$v20 410 1$1001LAEC00023493$12001 $a*Classici della filosofia moderna$v20 700 1$aSchopenhauer$b, Arthur$3AF00010907$4070$0134228 801 0$aIT$bUNISOB$c20230321$gRICA 850 $aUNISOB 852 $aUNISOB$j100|Coll|8|K$m79139 852 $aUNISOB$j100|Coll|8|K$m79138 912 $aE600200026078 940 $aM 102 Monografia moderna SBN 941 $aM 957 $a100|Coll|8|K$b000018$i-2$gSi$d79139$racquisto$1pomicino$2UNISOB$3UNISOB$420070323092333.0$520210914102521.0$6Alfano 957 $a100|Coll|8|K$b000018$i-1$gSI$d79138$1Alfano$2UNISOB$3UNISOB$420210914102414.0$520210914102446.0$6Alfano 996 $aMondo come volontà e rappresentazione.Vol.I. Vol.II (contenente i supplementi ai quattro libri del primo volume)$93060475 997 $aUNISOB